Discrete Mathematics / Numbers and Beyond (Record no. 3839)
[ view plain ]
| 000 -LEADER | |
|---|---|
| fixed length control field | 01411cam a22001934a 4500 |
| 005 - ΗΜΕΡΟΜΗΝΙΑ ΚΑΙ ΩΡΑ ΤΕΛΕΥΤΑΙΑΣ ΕΝΗΜΕΡΩΣΗΣ | |
| Πεδίο ελέγχου | 20250605164126.0 |
| 008 - FIXED-LENGTH DATA ELEMENTS--GENERAL INFORMATION | |
| Πεδίο ελέγχου σταθερού μήκους | 250528s ||||||||||||||||||||||||d |
| 035 ## - SYSTEM CONTROL NUMBER | |
| System control number | 18478 |
| 020 ## - ISBN | |
| ISBN | 201342928 |
| 040 ## - ΠΗΓΗ ΚΑΤΑΛΟΓΟΓΡΑΦΗΣΗΣ | |
| Φορέας πρωτότυπης καταλογογράφησης | MC Athens Campus Library |
| Γλώσσα καταλογογράφησης | Ελληνικά, Μοντέρνα (1453-) |
| Modifying agency | MC Athens Campus Library |
| Κανόνες περιγραφικής καταλογογράφησης | AACR2 |
| 245 1# - ΤΙΤΛΟΣ ΚΑΙ ΔΗΛΩΣΗ ΥΠΕΥΘΥΝΟΤΗΤΑΣ | |
| Τίτλος | Discrete Mathematics / Numbers and Beyond |
| 260 ## - PUBLICATION, DISTRIBUTION, ETC. | |
| Name of publisher, distributor, etc. | Prentice Hall, |
| Date of publication, distribution, etc. | 1998 |
| 300 ## - PHYSICAL DESCRIPTION | |
| Extent | 444 |
| 520 ## - SUMMARY, ETC. | |
| Summary, etc. | This book supplies the reader with a thorough grounding in number systems, modular arithmetic, combinatorics, networks and graphs, coding theory and recurrence relations. Preface, Introduction: The Fascination of Numbers, Russian Multiplication, Divisibility, Other Types of Numbers, Miscellaneous Problems, Interlude: Proof by Induction, The Sigma Notation for Summation, Miscellaneous Problems, Number Systems, Clocks and Compasses and Computers, Number Bases, Greatest Common Divisor, Modular Arithmetic, Combinatorics, Binomial Coefficients, Pigeonhole Principle, Inclusion and Exclusion, Probability, Codes, Examples of Codes, Hamming Distance, Linear Codes, Decimal Codes, BCH Codes, Cryptology, Recurrence Relations, Iteration, First Order Linear Difference Equations, Second Order Linear Difference Equations with Constant Coefficients, Graphs and Networks, Definitions, Classes of Graphs, Optimization in Networks, Further Reading, Index. |
| 700 1# - ΠΡΟΣΘΕΤΗ ΑΝΑΓΡΑΦΗ--ΦΥΣΙΚΟ ΠΡΟΣΩΠΟ | |
| Personal name | Barnett Stephen |
| 9 (RLIN) | 4737 |
| 942 ## - ADDED ENTRY ELEMENTS (KOHA) | |
| Koha item type | Books |
| Τύπος τεκμηρίου | Βιβλιοθήκη | Τρέχουσα τοποθεσία | Barcode | Αριθμός εισαγωγής | Ημερομηνία απόκτησης | Ταξιθετικό σύμβολο | Αριθμός αντιτύπου | Κατάσταση απόσυρσης | Κατάσταση χαμένου | Κατάσταση κατεστραμμένου | Μη δανεισμός | Σύνολο δανεισμών | Ημερομηνία τελευταίας εμφάνισης | Η τιμή ισχύει από |
|---|---|---|---|---|---|---|---|---|---|---|---|---|---|---|
| Books | MC Athens Campus Library | MC Athens Campus Library | 9780000038388 | 3172 | 05/06/2025 | 510 BAR | 2 | 05/06/2025 | 05/06/2025 |